000 01103nam1a22002531 4500
001 rc\549775
005 20030616170102.3
035 _a(NLR Aleph) 005813086
090 _a5404465
_c5404465
100 _a20030616d1987 u |0rusy50 ca
101 0 _arus
102 _aRU
105 _ay |||||||||
200 1 _aЭкономическая эффективность применения вычислительной техники в народном хозяйстве
_eТез. докл. II респ. науч.-метод. семинара
_eВ 3 т.
_f[Редкол.: Соделль Б.Б. (отв. ред.) и др.]
210 _aРига
_cИЭ
_d1987
215 _d21
300 _aВ надзаг.: АН ЛатвССР, Ин-т экономики, Гос. план. ком. ЛатвССР, НИИ планир., Совет Гл. конструкторов РАСУ Латвии
320 _aБиблиогр. в конце докл.
702 1 _aСоделль
_bБ. Б.
_4340
801 0 _aRU
_bNLR
_gpsbo
801 1 _aRU
_bELAR
_2rusmarc
852 _aNLR
_j87-3/10725
942 _cBOOK
980 _aNB